Entry Nombre personal
001 - NÚMERO DE CONTROL
- campo de control: 38898
003 - IDENTIFICADOR DE NÚMERO DE CONTROL
- campo de control: OSt
005 - FECHA Y HORA DE LA ÚLTIMA TRANSACCIÓN
- campo de control: 20251015164724.0
008 - ELEMENTOS DE DATO DE LONGITUD-FIJA
- campo de control de longitud fija: 020108 n acnnnaaan n ann d
040 ## - FUENTE DE CATALOGACIÓN
- Centro catalogador/agencia de origen: OSt
- Centro/agencia transcriptor: OSt
100 1# - ENCABEZAMIENTO-NOMBRE DE PERSONA
- Nombre de persona: Cirlot, Juan-Eduardo,
- Fechas asociadas al nombre: 1916-1973
400 1# - TRAZADO DE VÉASE--NOMBRE DE PERSONA
- Nombre de persona: Cirlot, Juan Eduardo (
- Fechas asociadas al nombre: 1916-1973)
400 1# - TRAZADO DE VÉASE--NOMBRE DE PERSONA
- Nombre de persona: Cirlot, J. E. (
- Fechas asociadas al nombre: 1916-1973)
400 1# - TRAZADO DE VÉASE--NOMBRE DE PERSONA
- Nombre de persona: Cirlot, J.-E. (
- Fechas asociadas al nombre: 1916-1973)
